Statistiques concernant Pays avec le plus de gratte-ciels

Cliquez ici pour prendre le quiz!

Statistiques générales

  • Ce quiz a été pris 162 fois
  • Le résultat moyen est 15 sur 20

Statistiques - réponses

Nombre de gratte-ciels (de plus de 150m)Pays% Correct
3166Chine
99%
887États Unis
99%
278Japon
96%
64Brésil
92%
139Canada
92%
116Inde
90%
53Mexique
88%
332Émirats arabes unis
87%
54Russie
87%
154Australie
86%
43Arabie Saoudite
83%
276Corée du Sud
80%
135Indonesie
77%
52Qatar
77%
97Singapour
67%
128Thailande
64%
274Malaisie
61%
73Turquie
58%
128Philippines
49%
67Panama
17%

Distribution des résultats

Percentile par nombre de réponses

% des personnes avec chaque résultat

Votre développement - résultats

Vous n’avez pas pris ce quiz